000 01373nam a2200229 a 4500
001 000046129
005 20240412074305.0
008 150624s2009 dr 000 j spa d
020 _a9993497460
040 _aDO-SdBNP
_bspa
_cBNPHU
082 _aRD863.44
_bZ35a, 2009
100 1 _aZapata, César Augusto,
_d1959 -
_972848
245 1 0 _aAsombros de sombras :
_bfalsos rostros /
_cCésar Augusto Zapata.
250 _a2a. ed.
260 _aSanto Domingo :
_bManatí,
_c2009.
300 _a144 p. ;
_c21 cm.
500 _aIncluye datos biográficos del autor en la contracubierta.
505 0 _aAsombros de sombras : falsos rostros --
_tA summer afternoon dream --
_tCarta de amor para un final --
_tDe este lado del sueño --
_tDefecto menor --
_tEl último sueño --
_tEl delito del cuerpo --
_tVoy de regreso a mí --
_tMonólogo al crepúsculo --
_tEspacios para no ver --
_tEstudios sobre el placer femenino --
_tJuego de fantasma --
_tRecuerdos de alquiler --
_t(N)hada en el espejo --
_tLa tarde que Woody conoció a Hanna --
_tManual para el goce en el imperio de los sentidos --
_tMetamorfosis parcial de los Landolfi --
_tUltimo poema a la amargura --
_tTe espero allá, donde tú sabes --
_tUna mariposa gris reposa en la pared --
_tViaje a lo finito.
650 0 _aCuentos dominicanos
_9176
650 0 _aLiteratura dominicana.
_967
910 _aValidado. Control de calidad MFF
999 _c45618
_d45618